000 01080cab a2200181 4500
001 L130391
008 050725n2005 000 0 eng u
035 _a(Sirsi) u130391
041 _aeng
100 _aLawson, David
245 _aAuctions: let the statistics point you in the right direction
260 _c2005
490 _aProperty Week
_v70(18) 15 July 2005, 131-133(2)
520 _aMany of the new breed of purchasers at property auctions do not understand basic property concepts such as the different types of tenancy and do not know the market. Recommends studying the market statistics provided by Allsop, who aggregate yields after every residential auction to provide a snapshot of the market and an indicator of performance changes in England and Wales. Provides tables of and commentary on Allsop yield data up to May 2005, covering assured shorthold, assured and regulated tenancies as well as ground rents. Defines the three tenancy types and the key measure of gross weighted yield.
590 _aIKA020805
690 _aAuctioneering
_96218
942 _n0
999 _c75593
_d75593